Art (Record no. 3993)

MARC details
000 -LEADER
fixed length control field 00410nam a22001577a 4500
008 - FIXED-LENGTH DATA ELEMENTS--GENERAL INFORMATION
fixed length control field 250627b |||||||| |||| 00| 0 eng d
020 ## - INTERNATIONAL STANDARD BOOK NUMBER
ISBN 0130524166
100 ## - MAIN ENTRY--AUTHOR
Author Hartt Frederick
245 ## - TITLE STATEMENT
Title Art
Remainder of title A history sculpture architecture
250 ## - EDITION STATEMENT
Edition statement 4th edition
260 ## - PUBLICATION, DISTRIBUTION, ETC. (IMPRINT)
Place of publication New York
Name of publisher Harry N. Abrams inc
Date of publication 1993
300 ## - COLLATION
Pagination 600p.
Other physical details ill.
650 ## - TRACINGS
Main Subject Art- history
942 ## - ADDED ENTRY ELEMENTS (KOHA)
Item type Books
050 ## - LIBRARY OF CONGRESS CALL NUMBER
Classification number N5300
Item number .H37
Holdings
Source of classification or shelving scheme Not for loan Permanent location Current location Date acquired Accession No. Full call number Barcode. Koha item type
Library of Congress Classification   Samuel Ogbemudia Main Library, University of Abuja Samuel Ogbemudia Main Library, University of Abuja 06/27/2025 2025/65020 N5300.H37 2025-2701 Books